Sports Quiz

Random Sports or MLB Quiz
Score 0/93 Timer 07:00
0 Plays Today
Year/Team Player % Correct
2000 MarinersAlex Rodriguez
96.3%
2001 RangersAlex Rodriguez
96.3%
2002 RangersAlex Rodriguez
96.3%
2005 YankeesAlex Rodriguez
96.3%
2006 YankeesAlex Rodriguez
96.3%
2007 YankeesAlex Rodriguez
96.3%
2000 CubsSammy Sosa
94.9%
2001 CubsSammy Sosa
94.8%
2004 Red SoxDavid Ortiz
94.8%
2005 Red SoxDavid Ortiz
94.8%
2006 Red SoxDavid Ortiz
94.8%
2006 PhilliesRyan Howard
93.6%
2007 PhilliesRyan Howard
93.6%
2008 PhilliesRyan Howard
93.6%
2009 PhilliesRyan Howard
93.6%
2001 CardinalsAlbert Pujols
93.2%
2003 CardinalsAlbert Pujols
93.2%
2004 CardinalsAlbert Pujols
93.2%
2006 CardinalsAlbert Pujols
93.2%
2009 CardinalsAlbert Pujols
93.2%
2008 TigersMiguel Cabrera
92.5%
2010 TigersMiguel Cabrera
92.5%
2016 Red SoxDavid Ortiz
92.1%
2012 TigersMiguel Cabrera
92.1%
2013 TigersMiguel Cabrera
91.8%
2000 IndiansManny Ramirez
91.5%
2001 Red SoxManny Ramirez
91.5%
2004 Red SoxManny Ramirez
91.5%
2005 Red SoxManny Ramirez
91.5%
2008 Red SoxManny Ramirez
91.5%
2005 BravesAndruw Jones
90.8%
Year/Team Player % Correct
2006 BravesAndruw Jones
90.8%
2000 AstrosJeff Bagwell
90.4%
2001 AstrosJeff Bagwell
90.4%
2001 GiantsBarry Bonds
89.7%
2009 BrewersPrince Fielder
89.3%
2018 Red SoxJ.D. Martinez
88.3%
2011 BrewersPrince Fielder
88%
2001 D'backsLuis Gonzalez
87.5%
2001 IndiansJuan Gonzalez
87.4%
2000 RockiesTodd Helton
87.4%
2001 RockiesTodd Helton
87.4%
2017 MarlinsGiancarlo Stanton
84.7%
2013 OriolesChris Davis
83.9%
2000 ExposVladimir Guerrero
83.7%
2004 AngelsVladimir Guerrero
83.7%
2000 White SoxFrank Thomas
83.1%
2018 AthleticsKhris Davis
81.8%
2000 AthleticsJason Giambi
81.6%
2001 AthleticsJason Giambi
81.6%
2002 YankeesJason Giambi
81.6%
2001 IndiansJim Thome
81%
2003 PhilliesJim Thome
80.9%
2010 Blue JaysJose Bautista
80.7%
2002 AstrosLance Berkman
79.4%
2006 AstrosLance Berkman
79.4%
2012 RangersJosh Hamilton
78.9%
2017 DiamondbacksPaul Goldschmidt
77.6%
2000 MarinersEdgar Martinez
75.7%
2013 D'BacksPaul Goldschmidt
75.5%
2001 RockiesLarry Walker
75.3%
2019 MetsPete Alonso
74.3%
Year/Team Player % Correct
2005 RangersMark Teixeira
73.4%
2009 YankeesMark Teixeira
73.4%
2011 DodgersMatt Kemp
72.3%
2019 BravesFreddie Freeman
70.2%
2015 Blue JaysJosh Donaldson
69.6%
2017 RockiesNolan Arenado
69%
2004 DodgersAdrian Beltre
68.1%
2016 RockiesNolan Arenado
67.8%
2007 Devil RaysCarlos Pena
67.6%
2016 Blue JaysEdwin Encarnacion
67.5%
2000 Blue JaysCarlos Delgado
66.8%
2003 Blue JaysCarlos Delgado
66.8%
2015 RockiesNolan Arenado
65.3%
2006 White SoxJermaine Dye
56.5%
2007 RockiesMatt Holliday
56.4%
2000 RangersRafael Palmeiro
55.7%
2001 RangersRafael Palmeiro
55.7%
2001 BrewersRichie Sexson
55.3%
2003 BrewersRichie Sexson
55.3%
2005 MarinersRichie Sexson
55.3%
2003 BravesGary Sheffield
54.1%
2004 YankeesGary Sheffield
54.1%
2001 DodgersShawn Green
53.2%
2017 MarlinsMarcell Ozuna
50.3%
2001 MarinersBret Boone
46.8%
2002 White SoxMagglio Ordonez
40.5%
2004 RockiesVinny Castilla
40.1%
2000 AstrosRichard Hidalgo
37.5%
2000 PiratesBrian Giles
37.2%
2001 PadresPhil Nevin
27.9%
2003 RockiesPreston Wilson
22.1%

You're not logged in!

Compare scores with friends on all Sporcle quizzes.
OR
Log In

Sporcle TV

Today on Sporcle TV


Watch our educational content, quiz creation guides, and fun videos on Sporcle TV.

Show Comments

Extras

Top Quizzes Today


Score Distribution

Paid Content

Your Account Isn't Verified!

In order to create a playlist on Sporcle, you need to verify the email address you used during registration. Go to your Sporcle Settings to finish the process.

Report this User

Report this user for behavior that violates our Community Guidelines.

Details: